000 00678nam a2200217Ii 4500
003 JO-AjNU
008 230606s9999||||xx |||||||||||||| ||und||
020 _a0-245-53807-0
040 _aJO-AjNU
_beng
_erda
_cJO-AjNU
041 _aeng
050 1 4 _aPE1106 1983
100 3 _aMaingay, Susan ,
_eauthor
_92690
245 0 0 _a Making Sense Of Reading: An Introduction To reading Skills In English
250 _a1 ed
264 3 1 _aUK:Thomas Nelson and Sons Ltd,1983
300 _a96p
336 _atext
_btxt
_2rdacontent
337 _aunmediated
_bn
_2rdamedia
338 _avolume
_bnc
_2rdacarrier
650 4 _aSusan Maingay Sense Of Reading-reading Skills In English
_92691
999 _aE1408
_c1408
_d1408